00827nam a2200229Ia 4500003000900000008004100009040001600050080001900066100002900085245006100114260005100175300001400226490007300240650004100313650002800354650002900382650002200411700002200433942000700455999001500462952012000477IN-BaIIA211028s9999 xx 000 0 eng d cIIA Library a523.42:43bTHE aKellog, William W.94725 4aThe atmospheres of Mars and VenuscWilliam Welch Kellogg aWashingtonbNational Academy of Sciencesc1961 avi, 151p. aNational Academy of Sciences : National Research Council Publication aAstronomy and astrophysics thesaurus aAtmosphere - Mars94726 aAtmosphere - Venus94727 aPlanet Mars91263 aSagan, Carl94728 cBK c2649d2649 00104070aBANbBANcGENd1966-04-13g22.50l0o523.42:43/ THEp2955r2021-11-05v22.50w1966-04-13yBKGRs. 22.50